Halomethyl-metal compounds LV. The synthesis of phenyl (trifluoromethyl) mercury by fluorination of phenyl (tribromomethyl) mercury (Record no. 45962)

MARC details
000 -LEADER
fixed length control field 00421nam a2200121Ia 4500
100 ## - MAIN ENTRY--AUTHOR NAME
Personal name Seyferth Dietmar
245 #0 - TITLE STATEMENT
Title Halomethyl-metal compounds LV. The synthesis of phenyl (trifluoromethyl) mercury by fluorination of phenyl (tribromomethyl) mercury
260 ## - PUBLICATION, DISTRIBUTION, ETC. (IMPRINT)
Name of publisher Journal of Organometallic Chemistry
Year of publication 1972
300 ## - PHYSICAL DESCRIPTION
Number of Pages 97-105
700 ## - ADDED ENTRY--PERSONAL NAME
Personal name Hopper Steven P
942 ## - ADDED ENTRY ELEMENTS (KOHA)
Koha item type Reprints
Holdings
Withdrawn status Lost status Damaged status Not for loan Home library Current library Date acquired Serial Enumeration / chronology Accession Number Koha item type
      Reprints RRII Library RRII Library 22/12/2021 Volume 44, Issue P0847 Reprints